Материаловедение в горном машиностроении:: учебное пособие для вузов

מידע ביבליוגרפי
מחבר ראשי: Шубина Н. Б. Нелли Борисовна
סיכום:Рассмотрены связь свойств со строением материалов и пути получения требуемых свойств. Приведены данные справочного характера для большинства описанных материалов, а также режимы обработки конструкционных материалов. Основное внимание уделено свойствам конструкционных и инструментальных материалов, применяемых в горном машиностроении. Для на студентов высших учебных заведений, обучающихся по направлению «Горное дело», машиностроительным специальностям.
שפה:רוסית
יצא לאור: Москва, Изд-во Московского гос. горного ун-та, 2011
מהדורה:2-е изд., испр. и перераб.
סדרה:Горное образование
נושאים:
פורמט: MixedMaterials ספר
KOHA link:https://koha.lib.tpu.ru/cgi-bin/koha/opac-detail.pl?biblionumber=172706

MARC

LEADER 00000nam0a2200000 4500
001 172706
005 20231101223042.0
010 |a 9785986721040 
010 |a 978-5-7418-0653-1 
035 |a (RuTPU)RU\TPU\book\187284 
090 |a 172706 
100 |a 20091215d2011 m y0rusy50 ca 
101 0 |a rus 
102 |a RU 
105 |a a j 001zy 
200 1 |a Материаловедение в горном машиностроении:  |e учебное пособие для вузов  |f Н. Б. Шубина 
205 |a 2-е изд., испр. и перераб. 
210 |a Москва  |c Изд-во Московского гос. горного ун-та  |c Горная книга  |d 2011 
215 |a 271 с.  |c ил. 
225 1 |a Горное образование 
320 |a Библиогр.: с. 264-265. 
320 |a Предметный указатель: с. 266-268. 
330 |a Рассмотрены связь свойств со строением материалов и пути получения требуемых свойств. Приведены данные справочного характера для большинства описанных материалов, а также режимы обработки конструкционных материалов. Основное внимание уделено свойствам конструкционных и инструментальных материалов, применяемых в горном машиностроении. Для на студентов высших учебных заведений, обучающихся по направлению «Горное дело», машиностроительным специальностям. 
606 1 |a Горное машиностроение  |x Материаловедение  |2 stltpush  |3 (RuTPU)RU\TPU\subj\70469  |9 84728 
610 1 |a материалы 
610 1 |a свойства 
610 1 |a металлические материалы 
610 1 |a строение 
610 1 |a прочность 
610 1 |a надежность 
610 1 |a повышение 
610 1 |a конструкционные материалы 
610 1 |a инструментальные материалы 
610 1 |a железоуглеродистые сплавы 
610 1 |a конструкционные стали 
610 1 |a горные машины 
610 1 |a детали машин 
610 1 |a медь 
610 1 |a медные сплавы 
610 1 |a алюминий 
610 1 |a алюминиевые сплавы 
610 1 |a порошковые материалы 
610 1 |a неметаллические материалы 
610 1 |a учебные пособия 
675 |a 622.002.5.002(075.8)  |v 3 
700 1 |a Шубина  |b Н. Б.  |g Нелли Борисовна 
801 1 |a RU  |b 63413507  |c 20091215 
801 2 |a RU  |b 63413507  |c 20150619  |g RCR 
900 |a Материаловедение 
942 |c BK 
952 |b 130400 
959 |a 124/20091215  |d 1  |e 450,00  |f ЧЗТЛ:1 
959 |a 71/20101007  |d 1  |e 450,00  |f ЧЗТЛ:1